[Event "Vecindario Montalvo Memorial 16th"]
[Site "Vecindario"]
[Date "2024.03.24"]
[Round "2"]
[White "Perez Garcia, Jimena"]
[Black "Fiorito, Francisco"]
[Result "0-1"]
[WhiteElo "1992"]
[BlackElo "2368"]
[PlyCount "82"]
[EventDate "2024.03.23"]
[EventType "swiss"]
[EventRounds "9"]
[EventCountry "ESP"]
[SourceTitle "CB15_2024"]
[SourceDate "2024.04.10"]
[SourceVersion "1"]
[SourceVersionDate "2024.04.10"]
[SourceQuality "1"]

1. d4 Nf6 2. c4 b6 3. Nc3 Bb7 4. Qc2 d5 5. cxd5 Nxd5 6. Nf3 Nxc3 7. bxc3 e6 8. e4 Be7 9. Bd3 0-0 10. Bf4 c5 11. d5 exd5 12. exd5 h6 13. 0-0 Bd6 14. Bxd6 Qxd6 15. Rad1 Nd7 16. Rfe1 Rfe8 17. c4 Nf6 18. Qa4 Rxe1+ 19. Rxe1 a6 20. Qb3 b5 21. cxb5 Bxd5 22. Bc4 Bxc4 23. Qxc4 axb5 24. Qxb5 Rxa2 25. h3 Ra8 26. Rc1 Rc8 27. Qb7 Rb8 28. Qa7 Rc8 29. Qb7 Qc7 30. Qb5 c4 31. Nd4 Ne4 32. Qf5 Nd6 33. Qe5 Qb6 34. Nf5 Nxf5 35. Qxf5 Qc6 36. Rc3 Qa6 37. Rf3 c3 38. Qxf7+ Kh8 39. Rg3 Qa1+ 40. Kh2 c2 41. Re3 c1Q 0-1

[Event "Titled Tuesday intern op 12th Mar Late"]
[Site "Chess.com INT"]
[Date "2024.03.12"]
[Round "11"]
[White "Al Tarbosh, Ward"]
[Black "Fiorito, Francisco"]
[Result "1-0"]
[WhiteElo "2277"]
[BlackElo "2368"]
[PlyCount "65"]
[EventDate "2024.03.12"]
[EventType "swiss (blitz)"]
[EventRounds "11"]
[EventCountry "USA"]
[SourceTitle "CB12_2024"]
[SourceDate "2023.10.01"]
[SourceVersion "1"]
[SourceVersionDate "2023.10.01"]
[SourceQuality "1"]

1. e4 c5 2. Nf3 Nc6 3. d4 cxd4 4. Nxd4 g6 5. c4 Nf6 6. Nc3 d6 7. Be2 Nxd4 8. Qxd4 Bg7 9. 0-0 0-0 10. Qd3 Be6 11. Be3 a5 12. Rac1 a4 13. f3 Nd7 14. Bd4 Ne5 15. Qd2 Qa5 16. Kh1 Rfc8 17. b3 axb3 18. axb3 Nc6 19. Bxg7 Kxg7 20. f4 f6 21. Qe3 Qc5 22. Qg3 Nd4 23. f5 Bf7 24. fxg6 hxg6 25. Bg4 Rh8 26. Nd5 Bxd5 27. exd5 Ra3 28. Rce1 Qc7 29. Qe3 Nxb3 30. Rb1 Nd2 31. Qxd2 Qxc4 32. Bf3 Qh4 33. h3 1-0

[Event "Titled Tuesday intern op 12th Mar Late"]
[Site "Chess.com INT"]
[Date "2024.03.12"]
[Round "2"]
[White "Fiorito, Francisco"]
[Black "Gordon, David"]
[Result "1-0"]
[WhiteElo "2368"]
[BlackElo "2031"]
[PlyCount "97"]
[EventDate "2024.03.12"]
[EventType "swiss (blitz)"]
[EventRounds "11"]
[EventCountry "USA"]
[SourceTitle "CB12_2024"]
[SourceDate "2023.10.01"]
[SourceVersion "1"]
[SourceVersionDate "2023.10.01"]
[SourceQuality "1"]

1. e4 c5 2. d3 Nc6 3. g3 Nf6 4. Bg2 d5 5. Nd2 dxe4 6. dxe4 e5 7. Ngf3 Be7 8. 0-0 0-0 9. Nc4 Nd7 10. c3 b5 11. Nd6 Bxd6 12. Qxd6 Qb6 13. Be3 a5 14. Rfd1 Re8 15. Bh3 Nf6 16. Bxc5 Qb7 17. Bg2 Bg4 18. Qd3 Rad8 19. Qe2 b4 20. h3 Bh5 21. g4 Bg6 22. Nh4 bxc3 23. bxc3 Nd7 24. Ba3 Nb6 25. Nf5 Bxf5 26. exf5 Nc8 27. Qc4 N8a7 28. Bc5 Qc8 29. Be3 Ne7 30. Qxc8 Naxc8 31. Bc5 f6 32. Rxd8 Rxd8 33. Rb1 Kf7 34. Be4 Nd6 35. Bxd6 Rxd6 36. Rb5 Rd1+ 37. Kg2 Rc1 38. Rc5 a4 39. Rc7 Ke8 40. Ra7 a3 41. Rxa3 Kd7 42. Ra7+ Kd6 43. a4 Ra1 44. a5 g6 45. a6 gxf5 46. gxf5 h5 47. Ra8 Nd5 48. Rd8+ Kc5 49. Rxd5+ 1-0

[Event "Roquetas de Mar op 35th"]
[Site "Roquetas de Mar"]
[Date "2024.01.02"]
[Round "1"]
[White "Feal Albala, Alonso"]
[Black "Fiorito, Francisco"]
[Result "0-1"]
[WhiteElo "1962"]
[BlackElo "2370"]
[PlyCount "74"]
[EventDate "2024.01.02"]
[EventType "swiss"]
[EventRounds "9"]
[EventCountry "ESP"]
[SourceTitle "CB02_2024"]
[SourceDate "2024.01.10"]
[SourceVersion "1"]
[SourceVersionDate "2024.01.10"]
[SourceQuality "1"]

1. e4 c5 2. Nf3 Nc6 3. d4 cxd4 4. Nxd4 g6 5. Nc3 Bg7 6. Nb3 Nf6 7. Be2 0-0 8. 0-0 d6 9. Re1 Be6 10. Bf1 Rc8 11. Nd5 a5 12. c3 a4 13. Nd4 Bxd5 14. exd5 Nxd4 15. Qxd4 Qa5 16. Rd1 Rc5 17. Qb4 Rxd5 18. Be3 Rc8 19. Qxb7 Qc7 20. Qb4 Rb8 21. Qxa4 Rxd1 22. Qxd1 Rxb2 23. Qf3 Qa5 24. a4 h5 25. Qc6 Ng4 26. Qe8+ Bf8 27. Bd4 e5 28. Be3 Nxe3 29. fxe3 Qxc3 30. a5 h4 31. h3 d5 32. a6 Kg7 33. a7 Qxe3+ 34. Kh1 Bc5 35. Bc4 Rxg2 36. Qxf7+ Kxf7 37. Bxd5+ Kg7 0-1

[Event "Lorca op 12th"]
[Site "Lorca"]
[Date "2023.12.29"]
[Round "7"]
[White "Fiorito, Francisco"]
[Black "Cabrera Pino, Alexis"]
[Result "1-0"]
[WhiteElo "2370"]
[BlackElo "2441"]
[PlyCount "119"]
[EventDate "2023.12.26"]
[EventType "swiss"]
[EventRounds "9"]
[EventCountry "ESP"]
[SourceTitle "CB01_2024"]
[SourceDate "2024.01.03"]
[SourceVersion "1"]
[SourceVersionDate "2024.01.03"]
[SourceQuality "1"]

1. d4 Nf6 2. Nf3 g6 3. Bf4 Bg7 4. e3 d6 5. h3 0-0 6. Be2 Nc6 7. 0-0 Bf5 8. c3 Re8 9. Qb3 Rb8 10. Rd1 Qc8 11. Bh2 e5 12. dxe5 dxe5 13. Nbd2 h6 14. Bc4 Be6 15. Bxe5 Na5 16. Bxe6 Nxb3 17. Bxc8 Nxa1 18. Bxf6 Bxf6 19. Bd7 Red8 20. Bb5 c6 21. Bf1 Nc2 22. Rc1 Nxe3 23. fxe3 Rd7 24. Kf2 Rbd8 25. Nb3 h5 26. g3 Bg7 27. Re1 Kf8 28. a4 Bh6 29. Nbd4 Re8 30. e4 Rde7 31. Bd3 Rd8 32. Bc2 Bg7 33. Nb3 Ke8 34. e5 Kf8 35. e6 Bf6 36. exf7 Rxe1 37. Kxe1 Kxf7 38. Nc5 b6 39. Bb3+ Ke7 40. Ne6 Re8 41. Kd2 Kd6 42. Nf4 Be5 43. Bc2 h4 44. Nxh4 Bxf4+ 45. gxf4 Rh8 46. Nxg6 Rxh3 47. Bd3 Rh2+ 48. Be2 Ke6 49. Ne5 c5 50. Ke3 Rh1 51. Bc4+ Kd6 52. Nf3 Rb1 53. b3 Ke7 54. Ne5 Kd6 55. Nd3 Rh1 56. Nf2 Re1+ 57. Kf3 Ke7 58. Ne4 Rb1 59. f5 a6 60. f6+ 1-0

[Event "Lorca op 12th"]
[Site "Lorca"]
[Date "2023.12.28"]
[Round "5"]
[White "Vehi Bach, Victor Manuel"]
[Black "Fiorito, Francisco"]
[Result "1/2-1/2"]
[WhiteElo "2223"]
[BlackElo "2370"]
[PlyCount "89"]
[EventDate "2023.12.26"]
[EventType "swiss"]
[EventRounds "9"]
[EventCountry "ESP"]
[SourceTitle "CB01_2024"]
[SourceDate "2024.01.03"]
[SourceVersion "1"]
[SourceVersionDate "2024.01.03"]
[SourceQuality "1"]

1. e4 c5 2. Nf3 Nc6 3. d4 cxd4 4. Nxd4 g6 5. c4 Nf6 6. Nc3 d6 7. Be2 Nxd4 8. Qxd4 Bg7 9. Be3 0-0 10. Qd2 a5 11. Rc1 a4 12. f3 Qa5 13. Rc2 Be6 14. Nd5 Bxd5 15. Qxa5 Rxa5 16. cxd5 Nd7 17. Rc7 Nc5 18. Rxe7 Bf6 19. Rc7 Bd8 20. Rxc5 dxc5 21. e5 Re8 22. f4 f6 23. e6 Be7 24. Kf2 Rd8 25. Rd1 b5 26. g4 Raa8 27. Bxb5 Rab8 28. Bd7 Rxb2+ 29. Kf3 Bd6 30. Rc1 Kf8 31. Bxc5 Bxc5 32. Rxc5 Ke7 33. Rc7 Kd6 34. Ra7 Rxa2 35. Ra6+ Kxd5 36. e7 Ra3+ 37. Kf2 Ra2+ 38. Ke3 Ra3+ 39. Kd2 Rb8 40. Rxa4 Rxa4 41. Bxa4 Ke4 42. e8Q+ Rxe8 43. Bxe8 Kxf4 44. Bd7 f5 45. gxf5 1/2-1/2

[Event "Titled Tuesday intern op 26th Sep Early"]
[Site "Chess.com INT"]
[Date "2023.09.26"]
[Round "9"]
[White "Bold, Andre"]
[Black "Fiorito, Francisco"]
[Result "0-1"]
[WhiteElo "2194"]
[BlackElo "2339"]
[PlyCount "96"]
[EventDate "2023.09.26"]
[EventType "swiss (blitz)"]
[EventRounds "11"]
[EventCountry "USA"]
[SourceTitle "EXT 2024"]
[Source "ChessBase"]
[SourceDate "2023.10.10"]
[SourceVersion "1"]
[SourceVersionDate "2023.10.10"]
[SourceQuality "1"]

1. Nf3 Nf6 2. e3 b6 3. b3 Bb7 4. Bb2 g6 5. Be2 Bg7 6. 0-0 d6 7. d4 0-0 8. c4 Nbd7 9. Nc3 e5 10. Qc2 Re8 11. Rfd1 a5 12. dxe5 Nxe5 13. Nxe5 Rxe5 14. Nd5 Nxd5 15. cxd5 Rxd5 16. Bxg7 Rxd1+ 17. Rxd1 Kxg7 18. Rc1 Rc8 19. Qd2 Qe7 20. Qd4+ Qf6 21. Bg4 Qxd4 22. exd4 f5 23. Be2 Kf6 24. f3 c5 25. dxc5 bxc5 26. Kf2 d5 27. Bb5 d4 28. h4 Ke5 29. Ke2 Kd6 30. Kd3 Bd5 31. Re1 h6 32. Bc4 g5 33. Bxd5 Kxd5 34. Re7 gxh4 35. Rf7 Ke5 36. Rh7 Rc6 37. Rh8 Kf4 38. Rg8 Re6 39. Rg7 Re3+ 40. Kd2 Re6 41. Rg8 h3 42. gxh3 Kxf3 43. Rg1 f4 44. Kd3 Re3+ 45. Kd2 Kf2 46. Rg6 Rxh3 47. Rf6 f3 48. Rf5 Kg2 0-1

[Event "Titled Tuesday intern op 26th Sep Late"]
[Site "Chess.com INT"]
[Date "2023.09.26"]
[Round "2"]
[White "Fiorito, Francisco"]
[Black "Terry, Renato"]
[Result "0-1"]
[WhiteElo "2339"]
[BlackElo "2520"]
[PlyCount "70"]
[EventDate "2023.09.26"]
[EventType "swiss (blitz)"]
[EventRounds "11"]
[EventCountry "USA"]
[SourceTitle "EXT 2024"]
[Source "ChessBase"]
[SourceDate "2023.10.10"]
[SourceVersion "1"]
[SourceVersionDate "2023.10.10"]
[SourceQuality "1"]

1. Nf3 d5 2. g3 Nf6 3. Bg2 c6 4. 0-0 Bg4 5. Ne5 Bh5 6. d3 Nbd7 7. Nxd7 Qxd7 8. Nd2 e5 9. Qe1 Bb4 10. c3 Be7 11. Nf3 e4 12. dxe4 Nxe4 13. Bf4 0-0 14. Qc1 Rfe8 15. Qc2 Bc5 16. Rad1 Qf5 17. Qb3 Re7 18. c4 Nxf2 19. Rxf2 Rxe2 20. Rdf1 Rae8 21. Qxb7 Rxf2 22. Rxf2 Qb1+ 23. Bf1 Bxf3 24. Qxc6 Bxf2+ 25. Kxf2 Qe1+ 26. Kxf3 Qxf1+ 27. Kg4 Qe2+ 28. Kh4 dxc4 29. Qd7 Qxh2+ 30. Kg4 Qe2+ 31. Kh4 h6 32. Kh3 Qh5+ 33. Kg2 Re2+ 34. Kf1 Qf3+ 35. Kg1 Qg2# 0-1